النقل والمواصلات فى مصر فى العصر اليونانى - الرومانى / (Record no. 65665)
[ view plain ]
| 000 -الفاتح | |
|---|---|
| حقل البيانات ثابتة الطول | 01180nam a22002777a 4500 |
| 005 - وقت وتاريخ اخر تعامل مع التسجيلة | |
| رقم الضبط | 20240530110837.0 |
| 008 - عناصر البيانات ثابتة الطول - معلومات عامة | |
| حقل البيانات ثابتة الطول | 191112s2013 ua a f b 000 0 ara d |
| 017 ## - رقم الايداع القانونى | |
| رقم الايداع القانونى | 2013/20428 |
| المصدر ( الهيئة المختصة) | مصر. دار الكتب |
| 020 ## - الرقم الدولى المعيارى للكتب | |
| الرقم الدولى المعيارى للكتاب | 9789774486418 |
| 040 ## - مصدر الفهرسة | |
| وكالة الفهرسة الأصلية | EG-CaGPL |
| وكالة النسخ | EG-CaGPL |
| 082 04 - رقم تصنيف ديوى العشرى | |
| رقم الطبعة | 21 |
| رقم التصنيف | 388.0932 |
| رقم المادة | ق/ ع ن |
| 100 0# - المدخل الرئيسى - إسم شخصى | |
| الإسم الشخصى | عبداللطيف فايز على محمد |
| 245 12 - بيان العنوان | |
| العنوان | النقل والمواصلات فى مصر فى العصر اليونانى - الرومانى / |
| بيان المسئوليه,etc | تاليف عبداللطيف فايز على محمد |
| 250 ## - بيان الطبعة | |
| بيان الطبعة | ط.1 |
| 260 ## - PUBLICATION, DISTRIBUTION, ETC. (IMPRINT) | |
| تاريخ النشر أو التوزيع | 2013 |
| 300 ## - الوصف المادى | |
| التعداد | 484 ص. : |
| تفاصيل ماديه اخرى للوعاء | ايض. ؛ |
| أبعاد الوعاء | 24 سم. |
| 490 #0 - بيان السلسلة | |
| عنوان السلسلة | تاريخ المصريين ؛ |
| رقم المجلد/ التعيين التسلسلي | 296 |
| 504 ## - تبصرة ببليوجرافية | |
| تبصرة ببليوجرافية,الخ | يشمل على ارجاعات ببليوجرافية |
| 650 07 - المدخل الاضافى بالموضوع-مصطلح موضوعى | |
| مصدر الرأس أو المصطلح | qrmak |
| مصطلح موضوعي | النقل |
| التقسيم الفرعي الجغرافي | مصر |
| 650 07 - المدخل الاضافى بالموضوع-مصطلح موضوعى | |
| مصطلح موضوعي | المواصلات |
| التقسيم الفرعي الجغرافي | مصر |
| مصدر الرأس أو المصطلح | qrmak |
| 650 07 - المدخل الاضافى بالموضوع-مصطلح موضوعى | |
| مصطلح موضوعي | مصر القديمة |
| التقسيم الفرعي العام | تاريخ |
| التقسيم الفرعي الزمني | العصر اليونانى |
| مصدر الرأس أو المصطلح | qrmak |
| 650 07 - المدخل الاضافى بالموضوع-مصطلح موضوعى | |
| مصطلح موضوعي | مصر القديمة |
| التقسيم الفرعي العام | تاريخ |
| التقسيم الفرعي الزمني | العصر الرومانى |
| مصدر الرأس أو المصطلح | qrmak |
| 651 ## - المدخل الاضافى بالموضوع - اسم جغرافى | |
| مصدر الرأس أو المصطلح | qrmak |
| 942 ## - عناصر المدخل الإضافي( كوها) | |
| مصدر التصنيف او مخطط الترفيف | Dewey Decimal Classification |
| Koha [default] item type | كتاب |
| 260 ## - PUBLICATION, DISTRIBUTION, ETC. (IMPRINT) | |
| -- | القاهرة : |
| -- | الهيئة المصرية العامة للكتاب، |
| حالة التراجع | حالة الفقد | حالة تلف | ليس للاعارة | المكان المؤقت | الموقع الحالى | موقع الترفيف | تاريخ الاكتساب | اجمالي اﻻعارات | رقم الطلب | الباركود | تاريخ اخر مشاهدة | تاريخ تفعيل السعر | نوع وعاء كوها |
|---|---|---|---|---|---|---|---|---|---|---|---|---|---|
| مكتبة القاهرة الكبرى | مكتبة القاهرة الكبرى | 11/12/2019 | 388.0932 ق / ع ن | 166733 | 11/12/2019 | 11/12/2019 | كتاب |

